000 00656nam a22001817a 4500
003 OSt
005 20260311112314.0
082 _a631.587
_bRAH/FU
088 _aP 655
100 _aRAHUL KUMAR SRIVASTAVA
_97923
100 _aKHADHEEJA RABEEAH
_97924
100 _aVISMAYA K P
_97925
245 _aFUTURE PROJECTION OF STREAMFLOW AND GROUNDWATER RECHARGE IN PERIYAR RIVER BASIN USING CMIP6 APPROACH
260 _aTavanur
_bDEPARTMENT OF IRRIGATION AND DRAINAGE ENGINEERING, KELAPPAJI COLLEGE OF AGRICULTURAL ENGINEERING AND FOOD TECHNOLOGY
_c2025
700 _aAsha Joseph
856 _uhttp://14.139.181.140:8080/jspui/handle/123456789/2200
942 _cPR
999 _c19630
_d19630